Psicología de la educación (Record no. 21041)

MARC details
000 -LEADER
campo de control de longitud fija 00938nmm a2200301 a 4500
003 - IDENTIFICADOR DE NÚMERO DE CONTROL
campo de control AR-BaBNM
005 - FECHA Y HORA DE LA ÚLTIMA TRANSACCIÓN
campo de control 20251128211754.0
008 - DATOS DE LONGITUD FIJA--INFORMACIÓN GENERAL
campo de control de longitud fija 046020sc200 ||||||||||||||000 | spa||
020 ## - NÚMERO INTERNACIONAL ESTÁNDAR DEL LIBRO
Número Internacional Estándar del Libro 84-205-4164-8
040 ## - FUENTE DE CATALOGACIÓN
Centro/agencia transcriptor AR-BaBNM
100 1# - ENTRADA PRINCIPAL--NOMBRE DE PERSONA
Nombre de persona Mayer, Richard E.
245 10 - MENCIÓN DEL TÍTULO
Título Psicología de la educación
Resto del título enseñar para un aprendizaje significativo
Número de parte o sección de la obra Volumen 2
260 ## - PUBLICACIÓN, DISTRIBUCIÓN, ETC.
Lugar de publicación, distribución, etc. Madrid
Nombre del editor, distribuidor, etc. Pearson-Prentice Hall
Fecha de publicación, distribución, etc. c2004
Lugar de publicación, distribución, etc. Buenos Aires
300 0# - DESCRIPCIÓN FÍSICA
Extensión 317 p.
504 ## - NOTA DE BIBLIOGRAFÍA, ETC.
Nota de bibliografía, etc. Nota Contiene referencias bibliográficas
650 #4 - PUNTO DE ACCESO ADICIONAL DE MATERIA--TÉRMINO DE MATERIA
Término de materia o nombre geográfico como elemento de entrada PSICOLOGIA DE LA EDUCACION
650 #4 - PUNTO DE ACCESO ADICIONAL DE MATERIA--TÉRMINO DE MATERIA
Término de materia o nombre geográfico como elemento de entrada PROCESO DE APRENDIZAJE
650 #4 - PUNTO DE ACCESO ADICIONAL DE MATERIA--TÉRMINO DE MATERIA
Término de materia o nombre geográfico como elemento de entrada DIDACTICA
650 #4 - PUNTO DE ACCESO ADICIONAL DE MATERIA--TÉRMINO DE MATERIA
Término de materia o nombre geográfico como elemento de entrada TRANSFERENCIA
650 #4 - PUNTO DE ACCESO ADICIONAL DE MATERIA--TÉRMINO DE MATERIA
Término de materia o nombre geográfico como elemento de entrada PROCESO COGNOSCITIVO
650 #4 - PUNTO DE ACCESO ADICIONAL DE MATERIA--TÉRMINO DE MATERIA
Término de materia o nombre geográfico como elemento de entrada MOTIVACION DEL ALUMNO
653 #0 - TÉRMINO DE INDIZACIÓN--NO CONTROLADO
Término no controlado APRENDIZAJE SIGNIFICATIVO
653 #0 - TÉRMINO DE INDIZACIÓN--NO CONTROLADO
Término no controlado ESTRATEGIAS DIDACTICAS
700 1# - ENTRADA AGREGADA--NOMBRE PERSONAL
Nombre de persona Bueno Alvarez, José A.
Término indicativo de función/relación traductor
700 1# - ENTRADA AGREGADA--NOMBRE PERSONAL
Nombre de persona Núñez Pérez, José Carlos
Término indicativo de función/relación revisión
942 ## - ELEMENTOS DE ENTRADA SECUNDARIOS (KOHA)
Tipo de ítem Koha Libros
998 ## - INFORMACIÓN DE CONTROL LOCAL (RLIN)
Iniciales del catalogador, CIN (RLIN) me-solo cat
Holdings
Estatus retirado Estado de pérdida Fuente de la clasificación o esquema de estantería Estado de daño No para préstamo Biblioteca de origen Biblioteca actual Fecha de adquisición Total de préstamos Signatura topográfica completa Código de barras Visto por última vez Precio de reemplazo Tipo de ítem Koha Fuente de adquisición
    Clasificación Decimal Dewey     Liberty Liberty 28/11/2025   37.015.3 MAYE 141883 28/11/2025 28/11/2025 Libros  
    Clasificación Decimal Dewey     Liberty Liberty 28/11/2025   37.015.3 MAYE 143042 28/11/2025 28/11/2025 Libros C-BP-014
    Clasificación Decimal Dewey     Liberty Liberty 28/11/2025   37.015.3 MAYE 143036 28/11/2025 28/11/2025 Libros C-BP-014